000 00493nam a2200169Ia 4500
005 20250326125924.0
008 250326s9999 xx 000 0 und d
037 _aTextbook
040 _aFMSL
_beng
_cFMSL
041 _aeng
_2eng
084 _aX.44 N5
_qFMSL
100 _aChatterjee N R
_9138991
245 0 _aStudy of some problems in India industry
_cChatterjee N R
260 _aDelhi
_bDelhi, Deptt. of B M & I A
_c1965
942 _cTB
_hX.44 N5
999 _c1280173
_d1280173